Поэты - Армагеддон - Statistics

General Stats
  • This quiz has been taken 72 times
  • The average score is 8 of 21
Answers on the Grid
Answers color-coded by a green-red scale on the quiz's grid according to % correct below.
Оскар Уайльд
Квентин Тарантино
Отто фон Бисмарк
Редьярд Киплинг
Богдан Ступка
Григорий Сковорода
Льюис Кэрролл
Джон Фаулз
Стивен Кинг
Эдгар Аллан По
Джоан Роулинг
Михаил Ломоносов
Андрей Платонов
Марсель Пруст
Умберто Эко
Мишель Уэльбек
Леонид Филатов
Юкио Мисима
Ги де Мопассан
Кнут Гамсун
Хоакин Феникс
Бертольт Брехт
Хорхе Луис Борхес
Константин Симонов
Зигмунд Фройд
Георгий Вицин
Владимир Набоков
Сэмюэл Беккет
Уолт Дисней
Ларс фон Триер
 
Answer Stats
Answer % Correct
Оскар Уайльд
71%
Редьярд Киплинг
58%
Владимир Набоков
58%
Михаил Ломоносов
56%
Константин Симонов
55%
Льюис Кэрролл
53%
Леонид Филатов
53%
Эдгар Аллан По
51%
Джоан Роулинг
47%
Стивен Кинг
44%
Григорий Сковорода
40%
Андрей Платонов
40%
Ги де Мопассан
31%
Кнут Гамсун
24%
Хорхе Луис Борхес
24%
Сэмюэл Беккет
24%
Юкио Мисима
20%
Бертольт Брехт
20%
Богдан Ступка
18%
Мишель Уэльбек
18%
Марсель Пруст
16%
No matching quizzes found
Score Distribution
Percent of People with Each Score
Percentile by Number Answered
Your Score History
You have not taken this quiz